000 00622nam a2200253Ia 4500
001 AUWbook008353
003 BDCtgAUW
005 20260406165244.0
008 220908s9999 xx 000 0 eng d
020 _a09868320016
040 _aBDCtgAUW
_cBDCtgAUW
050 _aAC8.R43
100 1 _aRahman, Mizan.
_953449
245 0 _aThe little garden in the corner.
250 _aFirst edition.
260 _aCanada :
_bArial,
_c2012.
650 0 _aCollected works.
650 0 _aCollected works.
650 0 _aCuriosities and wonders.
887 _a BRAC
888 _22982
942 _cBK
_00
_2lcc
945 _cBK
999 _c8605
_d8605